Повышение эффективности эксплуатации каталитического риформинга с использованием математической модели оксихлорирования катализатора; Химия и химическая технология на рубеже тысячелетий; Т. 2

Podrobná bibliografie
Parent link:Химия и химическая технология на рубеже тысячелетий: материалы II Всероссийской научной конференции, Томск, 26-28 ноября 2002 г./ Российское химическое общество им. Д. И. Менделеева; Российская академия естественных наук; Томский научный центр СО РАН; Администрация Томской области; Томский политехнический университет.— , 2002-
Т. 2.— 2002.— С. 292-293
Hlavní autor: Кравцов А. В. Анатолий Васильевич
Další autoři: Катаев Н. А.
Jazyk:ruština
Vydáno: 2002
Témata:
Médium: Kapitola
KOHA link:https://koha.lib.tpu.ru/cgi-bin/koha/opac-detail.pl?biblionumber=84972

MARC

LEADER 00000naa2a2200000 4500
001 84972
005 20231031100836.0
035 |a (RuTPU)RU\TPU\book\91305 
090 |a 84972 
100 |a 20051108d2002 k y0rusy50 ca 
101 0 |a rus 
102 |a RU 
200 1 |a Повышение эффективности эксплуатации каталитического риформинга с использованием математической модели оксихлорирования катализатора  |f А. В. Кравцов, Н. А. Катаев 
320 |a Библиогр.: 1 назв. 
461 1 |0 (RuTPU)RU\TPU\book\48472  |t Химия и химическая технология на рубеже тысячелетий  |o материалы II Всероссийской научной конференции, Томск, 26-28 ноября 2002 г.  |f Российское химическое общество им. Д. И. Менделеева; Российская академия естественных наук; Томский научный центр СО РАН; Администрация Томской области; Томский политехнический университет  |d 2002- 
463 1 |0 (RuTPU)RU\TPU\book\48113  |t Т. 2  |v С. 292-293  |d 2002  |p 366 с. 
610 1 |a каталитический риформинг 
610 1 |a эффективность 
610 1 |a математические модели 
610 1 |a оксихлорирование 
610 1 |a катализаторы 
610 1 |a бензины 
610 1 |a нефтепереработка 
610 1 |a труды учёных ТПУ 
700 1 |a Кравцов  |b А. В.  |c химик-технолог  |c профессор-консультант Томского политехнического университета, доктор технических наук  |f 1938-  |g Анатолий Васильевич  |2 stltpush  |3 (RuTPU)RU\TPU\pers\19827 
701 1 |a Катаев  |b Н. А. 
801 1 |a RU  |b 63413507  |c 20051108  |g PSBO 
801 2 |a RU  |b 63413507  |c 20120423  |g RCR 
942 |c BK